000 00475nam a2200181Ia 4500
001 4183
005 20260306145737.0
008 260306t2021||||xx |||||||||||||| ||spa||
041 _aESP
082 _a320
_bK16
100 _aKahhat, Farid,
_eAUT
245 0 _aPandemias, dragones y muertos vivientes :
_bla ciencia política en lugares insospechados
260 _c2021
300 _a292 páginas :
_c23 cm.
650 _aGEN
654 _aCDE
942 _cLIB
_dJUS
_fJUS
_2ddc
_n
999 _c4183
_d4183